Catalog

Record Details

Catalog Search



Available copies

  • 1 of 1 copy available at LARL/NWRL Consortium.
  • 1 of 1 copy available at Lake Agassiz Regional Library. (Show preferred library)

Current holds

0 current holds with 1 total copy.

Show Only Available Copies
Location Call Number / Copy Notes Barcode Shelving Location Status Due Date
Moorhead Public Library HOL (Text) 33500012647541 Main Available -

Record details

  • ISBN: 9781455542406
  • ISBN: 1455542407
  • Physical Description: 353 pages ; 17 cm
  • Edition: First edition.
  • Publisher: New York : Forever, 2018.

Content descriptions

Summary, etc.:
"With her bridezilla friend on a DIY project ... Read More
Subject: Bridesmaids > Fiction.
Genre: Romance fiction.
LDR 01775cam a2200361Ii 4500
001276753
003LARL_NWRL_CONSORTIUM
00520180226152652.0
008170610s2018 nyu 000 1 eng d
040 . ‡aBTCTA ‡beng ‡erda ‡cBTCTA ‡dBDX ‡dYDX ‡dM$K ‡dMLY ‡dMIBLS ‡dTNH ‡dIK2
019 . ‡a989984582
020 . ‡a9781455542406 ‡q(paperback)
020 . ‡a1455542407 ‡q(paperback)
035 . ‡a(OCoLC)989965866 ‡z(OCoLC)989984582
08204. ‡a[Fic] ‡223
1001 . ‡aHoliday, Jenny, ‡eauthor.
24510. ‡aOne and only. ‡n#1 / ‡cJenny Holiday.
250 . ‡aFirst edition.
264 1. ‡aNew York : ‡bForever, ‡c2018.
300 . ‡a353 pages ; ‡c17 cm
336 . ‡atext ‡btxt ‡2rdacontent
337 . ‡aunmediated ‡bn ‡2rdamedia
338 . ‡avolume ‡bnc ‡2rdacarrier
4900 . ‡aBridesmaids behaving badly ; ‡v1
520 . ‡a"With her bridezilla friend on a DIY project rampage, bridesmaid Jane Denning will do anything to escape - even if it means babysitting the groom's troublemaker brother before the wedding. It should be a piece of cake, except the "cake" is a sarcastic former soldier who is 100% wicked hotness and absolutely off-limits. Cameron MacKinnon is ready to let loose after returning from his deployment. But first he'll have to sweet talk the ultra-responsible Jane into taking a walk on the wild side. Turns out, riling her up is the best time he's had in years. But what happens when the fun and games start to turn into something real?"-- Provided by publisher.
650 0. ‡aBridesmaids ‡vFiction.
655 7. ‡aRomance fiction. ‡2lcgft
901 . ‡a276753 ‡bOCoLC ‡c276753 ‡tbiblio ‡soclc

Additional Resources